<?xml version="1.0" encoding="UTF-8"?>
<record
    xmlns:xsi="http://www.w3.org/2001/XMLSchema-instance"
    xsi:schemaLocation="http://www.loc.gov/MARC21/slim http://www.loc.gov/standards/marcxml/schema/MARC21slim.xsd"
    xmlns="http://www.loc.gov/MARC21/slim">

  <leader>03535cam a22004454i 4500</leader>
  <controlfield tag="003">PE-LiUPU</controlfield>
  <controlfield tag="005">20250731165418.0</controlfield>
  <controlfield tag="008">151211s2010    pe a   grm    000 0 spa d</controlfield>
  <datafield tag="035" ind1=" " ind2=" ">
    <subfield code="a">(Sirsi) a155492</subfield>
  </datafield>
  <datafield tag="040" ind1=" " ind2=" ">
    <subfield code="a">PE-LiUPU</subfield>
    <subfield code="b">spa</subfield>
    <subfield code="c">PE-LiUPU</subfield>
    <subfield code="e">rda</subfield>
  </datafield>
  <datafield tag="099" ind1=" " ind2=" ">
    <subfield code="a">TT 3</subfield>
    <subfield code="b">J54 2010</subfield>
  </datafield>
  <datafield tag="100" ind1="1" ind2=" ">
    <subfield code="a">Jim&#xE9;nez Milla, Erik Ronald</subfield>
    <subfield code="e">autor</subfield>
  </datafield>
  <datafield tag="245" ind1="1" ind2="4">
    <subfield code="a">Una perspectiva historicista de Apocalipsis 17:6b-14 a la luz de su propio contexto y la perspectiva del Antiguo y Nuevo Testamento /</subfield>
    <subfield code="c">Erik Ronald Jim&#xE9;nez Milla.</subfield>
  </datafield>
  <datafield tag="264" ind1=" " ind2="0">
    <subfield code="c">2010.</subfield>
  </datafield>
  <datafield tag="300" ind1=" " ind2=" ">
    <subfield code="a">320 hojas </subfield>
    <subfield code="c">30 cm</subfield>
  </datafield>
  <datafield tag="336" ind1=" " ind2=" ">
    <subfield code="a">text</subfield>
    <subfield code="2">rdacontent</subfield>
  </datafield>
  <datafield tag="337" ind1=" " ind2=" ">
    <subfield code="a">unmediated</subfield>
    <subfield code="2">rdamedia</subfield>
  </datafield>
  <datafield tag="338" ind1=" " ind2=" ">
    <subfield code="a">volume</subfield>
    <subfield code="2">rdacarrier</subfield>
  </datafield>
  <datafield tag="502" ind1=" " ind2=" ">
    <subfield code="a">Tesis</subfield>
    <subfield code="b">(Mg.) -- </subfield>
    <subfield code="c">Universidad Peruana Uni&#xF3;n,</subfield>
    <subfield code="d">2010.</subfield>
  </datafield>
  <datafield tag="504" ind1=" " ind2=" ">
    <subfield code="a">Incluye referencias</subfield>
  </datafield>
  <datafield tag="520" ind1="3" ind2=" ">
    <subfield code="a">Las l&#xED;neas directivas a seguir se basan en los principios del m&#xE9;todo hist&#xF3;rico-gramatical, partiendo de una cuidadosa aproximaci&#xF3;n exeg&#xE9;tica y sint&#xE1;ctica para el significado del texto, para luego construir la teolog&#xED;a de la per&#xED;copa , en donde el significado de los n&#xFA;mero que aparecen en el texto son de utilidad para la interpretaci&#xF3;n final. En vista que no existe un concenso en relaci&#xF3;n a la interpretaci&#xF3;n del pasaje de Apocalipsis 17:6b-14, este estudio intenta responder la siguiente pregunta: &#xBF;Cu&#xE1;l es la identidad de las siete cabezas, y la expresi&#xF3;n "el octavo" de Apocalipsis 17 a la luz de su propio contexto y la perspectiva del Antiguo y Nuevo Testamento?. El objetivo de este estudio es demostrar la identidad de las siete cabezas y la expresi&#xF3;n "El octavo", en Apocalipsis 17 a la luz de su propio contexto y la perspectiva del Antiguo y Nuevo Testamento. Hasta donde se ha investigado no se ha podido encontrar un estudio del pasaje seleccionado, pero s&#xED; numerosas investigaciones que hacen referencia al texto en forma exeg&#xE9;tica. A diferencia de los preteristas que buscan la identidad de las siete cabezas con individuos o emperadores del tiempo de Juan; Ranko Stefanovic, y otros historicistas del pasado, inicia su interpretaci&#xF3;n relacionando las expresiones de la bestia, "era, ya no es y ser&#xE1;" con las presentadas por Jes&#xFA;s, "es, era y ha de venir", para despu&#xE9;s identificar a las siete cabezas de la bestia con Egipto, Asiria, Babilonia, Persia, Roma y la s&#xE9;ptima, como una futura manifestaci&#xF3;n del anticristo. Antol&#xED;n Diestre, Jacques Boukhan y otros, creen que estos imperios tienen que ser interpretados bajo el contexto de Daniel, entonces los cinco primeros imperios son Babilonia, Medo-Persia, Grecia, Roma y Roma Papal. Los otros dos imperios son motivo de controversia, y m&#xE1;s a&#xFA;n el "octavo", que como ilustra el Cometario B&#xED;blico Adventista, se trata del mismo Satan&#xE1;s en su obra final como el anticristo. La mayor&#xED;a de estudios no contienen los argumentos b&#xED;blicos necesarios para explicar una u otra posici&#xF3;n, en especial en lo referente a la identidad del "octavo", dejando abierta la posibilidad para conjeturas de todo tipo.</subfield>
  </datafield>
  <datafield tag="526" ind1=" " ind2=" ">
    <subfield code="a">SEG44</subfield>
  </datafield>
  <datafield tag="526" ind1=" " ind2=" ">
    <subfield code="a">SEG26</subfield>
  </datafield>
  <datafield tag="526" ind1=" " ind2=" ">
    <subfield code="a">P151</subfield>
  </datafield>
  <datafield tag="526" ind1=" " ind2=" ">
    <subfield code="a">P150</subfield>
  </datafield>
  <datafield tag="526" ind1=" " ind2=" ">
    <subfield code="a">P149</subfield>
  </datafield>
  <datafield tag="526" ind1=" " ind2=" ">
    <subfield code="a">P146</subfield>
  </datafield>
  <datafield tag="526" ind1=" " ind2=" ">
    <subfield code="a">P145</subfield>
  </datafield>
  <datafield tag="526" ind1=" " ind2=" ">
    <subfield code="a">P126</subfield>
  </datafield>
  <datafield tag="526" ind1=" " ind2=" ">
    <subfield code="a">P125</subfield>
  </datafield>
  <datafield tag="526" ind1=" " ind2=" ">
    <subfield code="a">P92</subfield>
  </datafield>
  <datafield tag="526" ind1=" " ind2=" ">
    <subfield code="a">P75</subfield>
  </datafield>
  <datafield tag="526" ind1=" " ind2=" ">
    <subfield code="a">P74</subfield>
  </datafield>
  <datafield tag="526" ind1=" " ind2=" ">
    <subfield code="a">P27</subfield>
  </datafield>
  <datafield tag="526" ind1=" " ind2=" ">
    <subfield code="a">P15</subfield>
  </datafield>
  <datafield tag="650" ind1="0" ind2="4">
    <subfield code="a">Biblia N.T.</subfield>
    <subfield code="x">Apocalipsis 17</subfield>
    <subfield code="x">Comentarios.</subfield>
  </datafield>
  <datafield tag="596" ind1=" " ind2=" ">
    <subfield code="a">1</subfield>
  </datafield>
  <datafield tag="942" ind1=" " ind2=" ">
    <subfield code="2">ddc</subfield>
    <subfield code="c">TESIS</subfield>
  </datafield>
  <datafield tag="999" ind1=" " ind2=" ">
    <subfield code="a">TT 3 J54 2010</subfield>
    <subfield code="w">ALPHANUM</subfield>
    <subfield code="c">8170</subfield>
    <subfield code="i">T01207</subfield>
    <subfield code="l">CCODEBUL3</subfield>
    <subfield code="m">BUL</subfield>
    <subfield code="r">1</subfield>
    <subfield code="s">Y</subfield>
    <subfield code="t">TESIS</subfield>
    <subfield code="u">2015-12-11</subfield>
    <subfield code="x">POSGRADO</subfield>
    <subfield code="P">P85</subfield>
    <subfield code="o">.STAFF. Tesis</subfield>
    <subfield code="d">8170</subfield>
  </datafield>
  <datafield tag="980" ind1=" " ind2=" ">
    <subfield code="8">1</subfield>
    <subfield code="g">ALBERTO SANCHEZ Responsable de Automatizaci&#xF3;n</subfield>
  </datafield>
  <datafield tag="952" ind1=" " ind2=" ">
    <subfield code="r">2022-07-06 00:00:00</subfield>
    <subfield code="l">0</subfield>
    <subfield code="o">TT 3 J54 2010</subfield>
    <subfield code="p">T01207</subfield>
    <subfield code="t">e1</subfield>
    <subfield code="w">2015-12-11</subfield>
    <subfield code="x">PG</subfield>
    <subfield code="y">TESIS</subfield>
    <subfield code="z">Este &#xCD;tem NO se presta por ser Ejemplar #1.</subfield>
    <subfield code="1">0</subfield>
    <subfield code="2">ddc</subfield>
    <subfield code="7">1</subfield>
    <subfield code="8">TESIS</subfield>
    <subfield code="f">P85</subfield>
    <subfield code="a">BUL</subfield>
    <subfield code="b">BUL</subfield>
    <subfield code="c">TESIS</subfield>
    <subfield code="d">2015-12-11</subfield>
  </datafield>
</record>
